00633nam a22001937a 450000500170000000800410001702000290005804000190008704100120010608200160011824501230013426000340025730000180029165000310030965000280034070000290036870000320039785000100042920220528122156.0220528b |||||||| |||| 00| 0 eng d a9780143102205cRs.399.00 aLoreto College aEnglish a821(I)bNGA aDancing earthbAn anthology of poetry from North-East IndiacEdited by Robin Singh.Ngangom and Kynpham Sing Nongkynrih aGurugrambPenguin Booksc2009 axv,326pb22cm aPoetryzNortheastern India aIndic poetry in English 4ed.aNgangom,Robin Singh 4ed.aNongkynrih,Kynrih Sing aLCLIB